000 00387nam a22001577a 4500
005 20170401161912.0
008 170401b xxu||||| |||| 00| 0 eng d
020 _a978-81-219-2153-4
041 _aeng
100 _aDUBEY,DR R.C ,MAHESHWARI, DR D .K
_93805
245 _aPRACTICAL MICROBIOLOGY
260 _bS CHAND
_c2002
300 _a413
650 _aAGRICULTURE
_92837
942 _cBK
999 _c5406
_d5404